Statistics for Manchester City Squad 2017-18

Click here to take the quiz!

General Stats

  • This quiz has been taken 20 times
  • The average score is 20 of 37

Answer Stats

NoAnswer% Correct
10Aguero
100%
20 | 21Silva
95%
5Stones
95%
25Fernandinho
95%
1Bravo
90%
7Sterling
90%
4Kompany
90%
17De Bruyne
85%
2Walker
85%
22Mendy
80%
33Jesus
80%
31Ederson
80%
30Otamendi
80%
47Foden
80%
19Sane
80%
14Laporte
75%
8Gundogan
70%
3Danilo
65%
42Toure
65%
18Delph
60%
35Zinchenko
60%
55Diaz
45%
15Mangala
45%
75 | 76Garcia
30%
69Angelino
15%
54Gunn
10%
27Roberts
10%
24Adarabioyo
5%
50Maffeo
0%
29Moreno
0%
59Celina
0%
62Barker
0%
28Denayer
0%
72Dele-Bashiru
0%
77Humphreys-Grant
0%

Score Distribution

Percentile by Number Answered

Percent of People with Each Score

Your Score History

You have not taken this quiz